| 000 | 00781nam a22002417a 4500 | ||
|---|---|---|---|
| 999 |
_c17404 _d17404 |
||
| 003 | AR-CdUCM | ||
| 008 | 190508b ||||| |||| 00| 0 spa d | ||
| 040 |
_aMUNICIPALIDAD PROVINCIAL DEL CUSCO _cBIBLIOTECA MUNICIPAL DEL CUSCO |
||
| 082 |
_a985.1 / _bY96 |
||
| 100 |
_aYutang, Lin _935848 |
||
| 245 | _aLa fuga de los inocentes / | ||
| 260 |
_aBuenos Aires : _bSudamericana, _c1965. |
||
| 300 |
_a313 paginas ; _c19 cm. |
||
| 440 |
_aColección horizonte _914516 |
||
| 500 | _aTitulo original : The flight of the innocents | ||
| 505 | _aContenido : Novela | ||
| 650 |
_aNovela _95 |
||
| 650 |
_aLiteratura Latinoamericana _9799 |
||
| 650 |
_aNovela Sudamericana _937399 |
||
| 700 |
_aMirlas, Léon (Traducción) _99583 |
||
| 942 |
_2ddc _cLIBROS |
||
| 945 |
_awnts _d2019-05-08 |
||